00345nam a2200145Ia 4500008004100000020002200041041000800063082000800071100002200079260003300101245002300134250000600157300000800163650002800171220805s9999 xx 000 0 und d a978-1-86470-099-8 aeng a727 aMichael J.Crosbie aAustraliabImages pub.c2001 aClass Architecture a1 a144 aDesign and Costrucation